000 00588nam a2200181Ia 4500
003 GCL
008 140319s9999 xx 000 0 ara d
040 _aGCL /
_cGCL
082 0 4 _aم
_b921.1
_bع ف
100 1 _aعبدالله نعمه
245 1 0 _aفلاسفة الشيعة حياتهم واراؤهم /
_cعبدالله نعمه
260 _a[S.N] :
_bدار مكتبة الحياة ،
_c1930
300 _a630 ص
490 _aشكاوى المصرى الفصيح
_v0
650 0 4 _aالفلاسفة المسلمون
650 0 4 _aالفلاسفة العرب
942 _2ddc
_cREF
999 _c59293
_d59293